| 000 | 00348nam a22001457a 4500 | ||
|---|---|---|---|
| 008 | 210305b ||||| |||| 00| 0 eng d | ||
| 020 | _a060423846 | ||
| 041 | _aeng | ||
| 080 | _a510 | ||
| 082 | _a510 | ||
| 100 | _a36 | ||
| 101 | _aMAT | ||
| 245 |
_aSystems of Ordinary Differential Equations an Introduction _cGoldberg, J. L |
||
| 942 |
_2udc _cBK |
||
| 999 |
_c55864 _d55864 |
||